[Event "LSS SN-2023-0-01036"]
[Site "LSS email"]
[Date "2023.03.31"]
[Round "?"]
[White "Malyszek, Tomasz"]
[Black "Lombardi, Donato"]
[Result "1-0"]
[WhiteElo "820"]
[BlackElo "827"]
[PlyCount "97"]
[EventDate "2022.03.20"]
[EventType "tourn (corr)"]
[EventRounds "6"]
[EventCountry "GER"]
[SourceTitle "Corr 2024"]
[Source "ChessBase"]
[SourceDate "2023.10.19"]
[SourceVersion "1"]
[SourceVersionDate "2023.10.19"]
[SourceQuality "1"]

1. e4 e6 2. d4 d5 3. exd5 exd5 4. Nc3 Nf6 5. Nf3 Bd6 6. Bg5 c6 7. Bd3 Bg4 8. Qe2+ Be6 9. 0-0 Nbd7 10. Ne5 Qc7 11. Bf4 b5 12. Nxd7 Qxd7 13. Be5 0-0 14. Bxf6 gxf6 15. Qh5 f5 16. Qg5+ Kh8 17. Qf6+ Kg8 18. Ne2 Qe7 19. Qxe7 Bxe7 20. Nf4 Bg5 21. Nxe6 fxe6 22. Rfe1 Rae8 23. Re2 Kg7 24. Rae1 a5 25. Rxe6 Rxe6 26. Rxe6 Rf6 27. Re7+ Rf7 28. Rxf7+ Kxf7 29. Bxf5 h6 30. Bd7 Bc1 31. b3 a4 32. Bxc6 axb3 33. cxb3 b4 34. Bxd5+ Kf6 35. g3 Kf5 36. h3 Bb2 37. f4 Bxd4+ 38. Kg2 h5 39. Kf3 Bc3 40. Be4+ Kf6 41. g4 h4 42. g5+ Kg7 43. Kg4 Be1 44. f5 Kf7 45. Kh5 Kg7 46. f6+ Kf7 47. Bd5+ Kf8 48. g6 Bc3 49. g7+ 1-0

[Event "LSS SN-2023-0-01036"]
[Site "LSS email"]
[Date "2023.03.31"]
[Round "?"]
[White "Molina, Vicente Andres"]
[Black "Malyszek, Tomasz"]
[Result "0-1"]
[WhiteElo "895"]
[BlackElo "820"]
[PlyCount "68"]
[EventDate "2022.03.20"]
[EventType "tourn (corr)"]
[EventRounds "6"]
[EventCountry "GER"]
[SourceTitle "Corr 2024"]
[Source "ChessBase"]
[SourceDate "2023.10.19"]
[SourceVersion "1"]
[SourceVersionDate "2023.10.19"]
[SourceQuality "1"]

1. d4 d5 2. c4 dxc4 3. Nc3 e6 4. Nf3 Be7 5. e4 Bd7 6. Bxc4 a6 7. 0-0 b5 8. Bd3 Nf6 9. Bf4 Nc6 10. Rc1 h6 11. d5 exd5 12. exd5 Nb4 13. Bb1 Bg4 14. a3 Bxf3 15. Qxf3 Nbxd5 16. Nxd5 Qxd5 17. Qxd5 Nxd5 18. Bd2 0-0 19. Be4 Rad8 20. Ba5 Rd7 21. Bxd5 Rxd5 22. Rxc7 Bd8 23. g3 Bxc7 24. Bxc7 Rc8 25. Ba5 Rdc5 26. Bc3 Re8 27. h4 Rc4 28. Kg2 Kh7 29. f4 Re2+ 30. Kf3 Rce4 31. h5 R4e3+ 32. Kg4 g6 33. hxg6+ fxg6 34. Rf3 h5+ 0-1

[Event "LSS RN-2022-0-01616"]
[Site "LSS email"]
[Date "2022.10.22"]
[Round "?"]
[White "Molina, Vicente Andres"]
[Black "Malyszek, Tomasz"]
[Result "0-1"]
[WhiteElo "831"]
[BlackElo "824"]
[PlyCount "54"]
[EventDate "2022.06.02"]
[EventType "tourn (corr)"]
[EventRounds "6"]
[EventCountry "GER"]
[SourceTitle "Corr 2024"]
[Source "ChessBase"]
[SourceDate "2023.10.19"]
[SourceVersion "1"]
[SourceVersionDate "2023.10.19"]
[SourceQuality "1"]

1. e4 e5 2. Nf3 d6 3. d4 exd4 4. Qxd4 Nc6 5. Bb5 Bd7 6. Bxc6 Bxc6 7. c4 Nf6 8. Nc3 Be7 9. 0-0 0-0 10. Be3 Ng4 11. h3 Bf6 12. Qd2 Nxe3 13. Qxe3 Re8 14. Nd5 Bxd5 15. cxd5 b6 16. Rab1 Qd7 17. Qd3 Qa4 18. e5 Bxe5 19. Nxe5 Rxe5 20. a3 Rae8 21. b4 a5 22. bxa5 Qxa5 23. Rfc1 Re1+ 24. Rxe1 Rxe1+ 25. Rxe1 Qxe1+ 26. Kh2 Qxf2 27. Qf5 Qxf5 0-1

[Event "LSS SN-2022-0-01035"]
[Site "LSS email"]
[Date "2022.09.19"]
[Round "?"]
[White "Martin, Hector"]
[Black "Malyszek, Tomasz"]
[Result "1-0"]
[WhiteElo "872"]
[BlackElo "819"]
[PlyCount "55"]
[EventDate "2021.11.04"]
[EventType "tourn (corr)"]
[EventRounds "6"]
[EventCountry "GER"]
[SourceTitle "Corr 2024"]
[Source "ChessBase"]
[SourceDate "2023.10.19"]
[SourceVersion "1"]
[SourceVersionDate "2023.10.19"]
[SourceQuality "1"]

1. e4 e5 2. f4 exf4 3. Nf3 d6 4. d4 Be7 5. Bc4 Nf6 6. Ng5 0-0 7. d5 h6 8. Nf3 c6 9. Nc3 Ng4 10. Bxf4 Qb6 11. Qd2 Nd7 12. Na4 Qd8 13. dxc6 bxc6 14. Nd4 Bg5 15. 0-0 Bxf4 16. Qxf4 Nge5 17. Be2 c5 18. Nf5 Qf6 19. Rad1 Nb6 20. Rxd6 Qg5 21. Qxe5 Bxf5 22. Nxb6 Qe3+ 23. Rf2 axb6 24. Qxf5 Qc1+ 25. Rf1 Qxc2 26. Bd3 Qxb2 27. e5 Rxa2 28. Qh7# 1-0

[Event "LSS SN-2022-0-01035"]
[Site "LSS email"]
[Date "2022.09.15"]
[Round "?"]
[White "Malyszek, Tomasz"]
[Black "Sury, Radim"]
[Result "0-1"]
[WhiteElo "819"]
[BlackElo "800"]
[PlyCount "62"]
[EventDate "2021.11.04"]
[EventType "tourn (corr)"]
[EventRounds "6"]
[EventCountry "GER"]
[SourceTitle "Corr 2024"]
[Source "ChessBase"]
[SourceDate "2023.10.19"]
[SourceVersion "1"]
[SourceVersionDate "2023.10.19"]
[SourceQuality "1"]

1. e4 c6 2. Nf3 d5 3. exd5 cxd5 4. d4 Nf6 5. Nc3 Bg4 6. Be2 e6 7. h3 Bh5 8. Bf4 Bb4 9. Qd3 0-0 10. 0-0 Nc6 11. a3 Ba5 12. b4 Bb6 13. Be3 Rc8 14. Na4 Bc7 15. Nc5 b6 16. Nb3 Qd6 17. Nbd2 Ne4 18. Rfd1 f5 19. Nf1 b5 20. Qxb5 Qe7 21. Qd3 Bb6 22. Qb3 f4 23. Bd2 Bxf3 24. Bxf3 Nxd4 25. Qd3 Nxf2 26. Kxf2 Nxf3+ 27. Ke2 Ng1+ 28. Ke1 Qh4+ 29. g3 fxg3 30. Qxg3 Nf3+ 31. Ke2 Qc4# 0-1

[Event "LSS SN-2022-0-01034"]
[Site "LSS email"]
[Date "2022.09.03"]
[Round "?"]
[White "Malyszek, Tomasz"]
[Black "Molina, Vicente Andres"]
[Result "1/2-1/2"]
[WhiteElo "819"]
[BlackElo "836"]
[PlyCount "80"]
[EventDate "2021.10.03"]
[EventType "tourn (corr)"]
[EventRounds "6"]
[EventCountry "GER"]
[SourceTitle "Corr 2024"]
[Source "ChessBase"]
[SourceDate "2023.10.19"]
[SourceVersion "1"]
[SourceVersionDate "2023.10.19"]
[SourceQuality "1"]

1. e4 e5 2. Nf3 Nc6 3. Bc4 Be7 4. d4 exd4 5. Nxd4 d6 6. Nxc6 bxc6 7. Qf3 Nf6 8. Nc3 0-0 9. Be3 Be6 10. Ba6 Nd7 11. 0-0 Ne5 12. Qe2 c5 13. b3 Rb8 14. h3 Bf6 15. Rad1 c6 16. Na4 Qc7 17. Bd3 c4 18. bxc4 d5 19. exd5 cxd5 20. cxd5 Bxd5 21. Bxh7+ Kxh7 22. Rxd5 Qc6 23. Qh5+ Kg8 24. Rd4 Rb5 25. Qe2 Re8 26. c3 Rd5 27. Nb2 Rxd4 28. Bxd4 Re6 29. Bxa7 Qxc3 30. Be3 Nc6 31. Nd3 Nd4 32. Bxd4 Qxd4 33. Qf3 g6 34. a4 Ra6 35. Rd1 Qxa4 36. Nc5 Qxd1+ 37. Qxd1 Ra1 38. Qxa1 Bxa1 39. g4 f5 40. gxf5 gxf5 1/2-1/2

[Event "LSS RN-2022-0-01615"]
[Site "LSS email"]
[Date "2022.08.03"]
[Round "?"]
[White "Malyszek, Tomasz"]
[Black "Molina, Vicente Andres"]
[Result "1-0"]
[WhiteElo "816"]
[BlackElo "775"]
[PlyCount "45"]
[EventDate "2022.04.21"]
[EventType "tourn (corr)"]
[EventRounds "6"]
[EventCountry "GER"]
[SourceTitle "Corr 2024"]
[Source "ChessBase"]
[SourceDate "2023.10.19"]
[SourceVersion "1"]
[SourceVersionDate "2023.10.19"]
[SourceQuality "1"]

1. e4 c6 2. d4 d5 3. exd5 cxd5 4. Nc3 Nc6 5. Nf3 Bg4 6. Be2 e6 7. a3 Nf6 8. h3 Bh5 9. Be3 Bd6 10. Qd2 0-0 11. g4 Bg6 12. 0-0-0 a6 13. g5 Ne4 14. Nxe4 dxe4 15. Nh4 Rc8 16. Nxg6 fxg6 17. h4 b5 18. d5 Ne5 19. dxe6 Nd3+ 20. Bxd3 exd3 21. Qxd3 Be7 22. Qb3 Qc7 23. Rd7 1-0

[Event "LSS RN-2022-0-01612"]
[Site "LSS email"]
[Date "2022.05.27"]
[Round "?"]
[White "Martin, Hector"]
[Black "Malyszek, Tomasz"]
[Result "1-0"]
[WhiteElo "889"]
[BlackElo "869"]
[PlyCount "75"]
[EventDate "2021.12.23"]
[EventType "tourn (corr)"]
[EventRounds "6"]
[EventCountry "GER"]
[SourceTitle "Corr 2024"]
[Source "ChessBase"]
[SourceDate "2023.10.19"]
[SourceVersion "1"]
[SourceVersionDate "2023.10.19"]
[SourceQuality "1"]

1. g3 e5 2. Bg2 d5 3. d4 e4 4. Nc3 h6 5. f3 exf3 6. Nxf3 Nf6 7. 0-0 Be7 8. Nh4 c5 9. Nf5 Bxf5 10. Rxf5 cxd4 11. Nxd5 Nxd5 12. Bxd5 0-0 13. Qxd4 Nc6 14. Qc4 Qe8 15. Bd2 Bf6 16. Raf1 Ne5 17. Qe4 Rb8 18. Bb4 Nd7 19. Bxf8 Qxe4 20. Bxe4 Nxf8 21. b4 Bd4+ 22. Kg2 f6 23. c4 b6 24. Rd1 Be5 25. Rf3 Ne6 26. Bd5 Re8 27. c5 bxc5 28. bxc5 Kh8 29. c6 Nd4 30. Re3 Rc8 31. Rc1 Bc7 32. Rc4 Nf5 33. Re6 Bb6 34. Rce4 Rd8 35. Bb3 Kh7 36. Bc2 Nd4 37. Rxd4+ Kg8 38. Rxd8+ 1-0

[Event "LSS SN-2022-0-01033"]
[Site "LSS email"]
[Date "2022.04.15"]
[Round "?"]
[White "Erdem, Naci"]
[Black "Malyszek, Tomasz"]
[Result "1-0"]
[WhiteElo "938"]
[BlackElo "838"]
[PlyCount "41"]
[EventDate "2021.09.02"]
[EventType "tourn (corr)"]
[EventRounds "6"]
[EventCountry "GER"]
[SourceTitle "Corr 2024"]
[Source "ChessBase"]
[SourceDate "2023.10.19"]
[SourceVersion "1"]
[SourceVersionDate "2023.10.19"]
[SourceQuality "1"]

1. e4 e5 2. Nf3 d6 3. d4 exd4 4. Nxd4 Be7 5. Nc3 Nf6 6. Be2 Nbd7 7. 0-0 Ne5 8. Be3 0-0 9. h3 h6 10. Qd2 Kh7 11. f4 Ng6 12. Rad1 c5 13. Nf3 b6 14. Bd3 Bb7 15. e5 dxe5 16. Nxe5 Nd5 17. Bxg6+ fxg6 18. Nxd5 Bxd5 19. Qxd5 Qc7 20. Qe4 Rf6 21. Rd7 1-0

[Event "LSS RN-2022-0-01611"]
[Site "LSS email"]
[Date "2022.03.28"]
[Round "?"]
[White "Martin, Hector"]
[Black "Malyszek, Tomasz"]
[Result "1-0"]
[WhiteElo "840"]
[BlackElo "843"]
[PlyCount "40"]
[EventDate "2021.12.07"]
[EventType "tourn (corr)"]
[EventRounds "6"]
[EventCountry "GER"]
[SourceTitle "Corr 2024"]
[Source "ChessBase"]
[SourceDate "2023.10.19"]
[SourceVersion "1"]
[SourceVersionDate "2023.10.19"]
[SourceQuality "1"]

1. f4 Nf6 2. Nc3 Nc6 3. Nf3 d5 4. d4 Bf5 5. a3 a6 6. e3 Qd7 7. Bd3 Bxd3 8. Qxd3 e6 9. 0-0 Be7 10. Ne5 Nxe5 11. fxe5 Ng4 12. e4 0-0-0 13. Rxf7 g6 14. Bg5 Rde8 15. Bxe7 Rxe7 16. Rxe7 Qxe7 17. h3 Nh6 18. exd5 exd5 19. Nxd5 Qe6 20. Qc4 Qd7 1-0

[Event "LSS RN-2022-0-01610"]
[Site "LSS email"]
[Date "2022.02.08"]
[Round "?"]
[White "Molina, Vicente Andres"]
[Black "Malyszek, Tomasz"]
[Result "0-1"]
[WhiteElo "795"]
[BlackElo "843"]
[PlyCount "34"]
[EventDate "2021.11.29"]
[EventType "tourn (corr)"]
[EventRounds "6"]
[EventCountry "GER"]
[SourceTitle "Corr 2024"]
[Source "ChessBase"]
[SourceDate "2023.10.19"]
[SourceVersion "1"]
[SourceVersionDate "2023.10.19"]
[SourceQuality "1"]

1. e4 e5 2. Nf3 d6 3. c3 Nf6 4. d3 Be7 5. h3 Nc6 6. Be3 Be6 7. Nbd2 h6 8. Be2 a6 9. d4 exd4 10. cxd4 0-0 11. d5 Bxd5 12. exd5 Nxd5 13. Ne4 Nxe3 14. fxe3 Bh4+ 15. g3 Qe7 16. Nxd6 Bxg3+ 17. Kf1 Qxe3 0-1

[Event "LSS No Engine Cup 225 Preliminary 0"]
[Site "LSS email"]
[Date "2022.02.02"]
[Round "?"]
[White "Malyszek, Tomasz"]
[Black "Joubert, Hennie"]
[Result "1-0"]
[WhiteElo "1171"]
[BlackElo "1351"]
[PlyCount "63"]
[EventDate "2022.02.02"]
[EventType "tourn (corr)"]
[EventRounds "6"]
[EventCountry "GER"]
[SourceTitle "Corr 2024"]
[Source "ChessBase"]
[SourceDate "2023.10.19"]
[SourceVersion "1"]
[SourceVersionDate "2023.10.19"]
[SourceQuality "1"]

1. e4 c5 2. Nf3 e6 3. Nc3 Nc6 4. Bc4 d6 5. d4 cxd4 6. Nxd4 Nf6 7. Nxc6 bxc6 8. Bg5 Be7 9. 0-0 d5 10. exd5 cxd5 11. Bb5+ Bd7 12. Bxd7+ Qxd7 13. a3 0-0 14. Rb1 h6 15. Bh4 Rac8 16. Bxf6 Bxf6 17. Ne4 Qe7 18. Nxf6+ Qxf6 19. c3 Rc4 20. h3 Rfc8 21. Qd3 d4 22. cxd4 Rxd4 23. Qa6 Rc2 24. Qxa7 Rdd2 25. b4 Qe5 26. b5 Rb2 27. b6 Rxb1 28. Rxb1 Qd4 29. Qa8+ Kh7 30. Qf3 Rd3 31. b7 Rxf3 32. gxf3 1-0

[Event "LSS No Engine Cup 225 Preliminary 0"]
[Site "LSS email"]
[Date "2022.02.02"]
[Round "?"]
[White "Malyszek, Tomasz"]
[Black "Schleef, Harald"]
[Result "0-1"]
[WhiteElo "1171"]
[BlackElo "2358"]
[PlyCount "34"]
[EventDate "2022.02.02"]
[EventType "tourn (corr)"]
[EventRounds "6"]
[EventCountry "GER"]
[SourceTitle "Corr 2024"]
[Source "ChessBase"]
[SourceDate "2023.10.19"]
[SourceVersion "1"]
[SourceVersionDate "2023.10.19"]
[SourceQuality "1"]

1. e4 c5 2. Nf3 d6 3. Bc4 Nf6 4. Nc3 Nc6 5. h3 g6 6. 0-0 Bg7 7. d4 Nxe4 8. Bxf7+ Kxf7 9. Nxe4 cxd4 10. Neg5+ Kg8 11. c3 h6 12. Ne4 d5 13. Ng3 dxc3 14. bxc3 e5 15. c4 e4 16. Nxe4 dxe4 17. Qxd8+ Nxd8 0-1

[Event "LSS ZN-2022-0-04376"]
[Site "LSS email"]
[Date "2022.02.01"]
[Round "?"]
[White "Malyszek, Tomasz"]
[Black "Ventura, Bob"]
[Result "1-0"]
[WhiteElo "859"]
[BlackElo "714"]
[PlyCount "73"]
[EventDate "2022.01.18"]
[EventType "match (corr)"]
[EventRounds "2"]
[EventCountry "GER"]
[SourceTitle "Corr 2024"]
[Source "ChessBase"]
[SourceDate "2023.10.19"]
[SourceVersion "1"]
[SourceVersionDate "2023.10.19"]
[SourceQuality "1"]

1. e4 e5 2. Bc4 Nc6 3. Nf3 h6 4. d4 exd4 5. Nxd4 Ne5 6. Qe2 Bc5 7. Be3 d6 8. Nc3 a6 9. h3 Nf6 10. a3 Be6 11. Bxe6 Bxd4 12. Bxf7+ Nxf7 13. Bxd4 0-0 14. 0-0-0 Re8 15. Bxf6 Qxf6 16. Nd5 Qd8 17. Rhe1 c6 18. Nf4 b5 19. Qg4 Ne5 20. Qg3 Qf6 21. Nd3 Nc4 22. Kb1 Rab8 23. f4 a5 24. e5 dxe5 25. fxe5 Qf7 26. Rf1 Qe6 27. Rfe1 a4 28. Nb4 Rf8 29. Na6 Rbc8 30. Nc5 Qe7 31. Rd7 Qg5 32. Qxg5 hxg5 33. e6 Rfe8 34. Nb7 Rb8 35. e7 Nb6 36. Rd8 Kf7 37. Nd6+ 1-0

[Event "LSS ZN-2022-0-04376"]
[Site "LSS email"]
[Date "2022.02.01"]
[Round "?"]
[White "Ventura, Bob"]
[Black "Malyszek, Tomasz"]
[Result "1-0"]
[WhiteElo "714"]
[BlackElo "859"]
[PlyCount "67"]
[EventDate "2022.01.18"]
[EventType "match (corr)"]
[EventRounds "2"]
[EventCountry "GER"]
[SourceTitle "Corr 2024"]
[Source "ChessBase"]
[SourceDate "2023.10.19"]
[SourceVersion "1"]
[SourceVersionDate "2023.10.19"]
[SourceQuality "1"]

1. e4 e5 2. Nf3 Nc6 3. a3 Nf6 4. Nc3 d5 5. Bb5 Bd6 6. d3 h6 7. Nxd5 a6 8. Ba4 b5 9. Bb3 Bg4 10. Be3 Na5 11. Ba2 c6 12. Nc3 b4 13. Na4 bxa3 14. bxa3 Nb7 15. h3 Bh5 16. Ke2 Bxf3+ 17. gxf3 Qd7 18. Nb6 Qd8 19. Nxa8 Qxa8 20. c3 0-0 21. Qg1 Kh7 22. Qg2 Rg8 23. Bxf7 Bc5 24. Bxg8+ Qxg8 25. Rhg1 Bxe3 26. fxe3 Nd6 27. f4 Nf7 28. Qg3 exf4 29. exf4 Nh5 30. Qg4 g6 31. f5 Nh8 32. Rab1 Qa2+ 33. Ke3 Qg8 34. Rb7+ 1-0

[Event "LSS RN-2022-0-01609"]
[Site "LSS email"]
[Date "2022.01.13"]
[Round "?"]
[White "Malyszek, Tomasz"]
[Black "Zhu, Gnail"]
[Result "0-1"]
[WhiteElo "870"]
[BlackElo "800"]
[PlyCount "38"]
[EventDate "2021.11.21"]
[EventType "tourn (corr)"]
[EventRounds "6"]
[EventCountry "GER"]
[SourceTitle "Corr 2024"]
[Source "ChessBase"]
[SourceDate "2023.10.19"]
[SourceVersion "1"]
[SourceVersionDate "2023.10.19"]
[SourceQuality "1"]

1. e4 d5 2. exd5 Qxd5 3. Nc3 Qa5 4. Be2 Nf6 5. a3 e5 6. Nf3 e4 7. Nd4 Qg5 8. Rg1 Qe5 9. Nb3 Qxh2 10. Rf1 Nc6 11. d4 Be6 12. Bg5 0-0-0 13. Bxf6 gxf6 14. Nxe4 Bxb3 15. cxb3 Nxd4 16. Nxf6 Qe5 17. Ng4 Nf3+ 18. gxf3 Qa5+ 19. b4 Bxb4+ 0-1

[Event "LSS SN-2021-0-01026"]
[Site "LSS email"]
[Date "2021.06.01"]
[Round "?"]
[White "Malyszek, Tomasz"]
[Black "Lombardi, Donato"]
[Result "0-1"]
[WhiteElo "927"]
[BlackElo "858"]
[PlyCount "30"]
[EventDate "2020.12.29"]
[EventType "tourn (corr)"]
[EventRounds "6"]
[EventCountry "GER"]
[SourceTitle "Corr 2024"]
[Source "ChessBase"]
[SourceDate "2023.10.19"]
[SourceVersion "1"]
[SourceVersionDate "2023.10.19"]
[SourceQuality "1"]

1. e4 e6 2. d4 d5 3. exd5 exd5 4. Be2 Bd6 5. Nc3 Nf6 6. Be3 0-0 7. Nf3 Bf5 8. h3 Nbd7 9. 0-0 c6 10. a3 Qc7 11. Bd3 Bxd3 12. Qxd3 Rfe8 13. Rfe1 b5 14. b4 Rad8 15. Bg5 Bf4 0-1

[Event "LSS SN-2021-0-01026"]
[Site "LSS email"]
[Date "2021.05.27"]
[Round "?"]
[White "Malyszek, Tomasz"]
[Black "Martin, Hector"]
[Result "0-1"]
[WhiteElo "927"]
[BlackElo "903"]
[PlyCount "32"]
[EventDate "2020.12.29"]
[EventType "tourn (corr)"]
[EventRounds "6"]
[EventCountry "GER"]
[SourceTitle "Corr 2024"]
[Source "ChessBase"]
[SourceDate "2023.10.19"]
[SourceVersion "1"]
[SourceVersionDate "2023.10.19"]
[SourceQuality "1"]

1. e4 c5 2. Nf3 d6 3. Nc3 g6 4. d4 cxd4 5. Nxd4 e5 6. Bb5+ Bd7 7. Bxd7+ Nxd7 8. Nf3 Ngf6 9. h3 Nc5 10. Bg5 Bg7 11. Qe2 Qb6 12. b3 0-0 13. 0-0 Qb4 14. Bxf6 Qxc3 15. Bxg7 Kxg7 16. Rfd1 Ne6 0-1

[Event "LSS SN-2021-0-01023"]
[Site "LSS email"]
[Date "2021.01.16"]
[Round "?"]
[White "Kuttner, Jaromir"]
[Black "Malyszek, Tomasz"]
[Result "1-0"]
[WhiteElo "924"]
[BlackElo "933"]
[PlyCount "51"]
[EventDate "2020.10.21"]
[EventType "tourn (corr)"]
[EventRounds "6"]
[EventCountry "GER"]
[SourceTitle "Corr 2024"]
[Source "ChessBase"]
[SourceDate "2023.10.19"]
[SourceVersion "1"]
[SourceVersionDate "2023.10.19"]
[SourceQuality "1"]

1. e4 e5 2. Nf3 d6 3. d4 exd4 4. Nxd4 Be7 5. Nc3 Nf6 6. Bg5 Nxe4 7. Bxe7 Qxe7 8. Bb5+ c6 9. Nxe4 cxb5 10. 0-0 0-0 11. Nc3 a6 12. Nd5 Qd8 13. Qf3 Nd7 14. Rae1 Ne5 15. Qg3 h6 16. f4 Ng6 17. f5 Nh4 18. f6 Ng6 19. Ne7+ Kh7 20. fxg7 Kxg7 21. Qc3 Kh7 22. Qd3 Kg7 23. Rxf7+ Rxf7 24. Qxg6+ Kf8 25. Qxh6+ Rg7 26. Qh8+ 1-0

[Event "RN-2021-0-01602"]
[Site "LSS email"]
[Date "2021.01.16"]
[Round "?"]
[White "Kuttner, Jaromir"]
[Black "Malyszek, Tomasz"]
[Result "0-1"]
[WhiteElo "976"]
[BlackElo "933"]
[PlyCount "38"]
[EventDate "2020.10.10"]
[EventType "tourn (corr)"]
[EventRounds "6"]
[EventCountry "GER"]
[SourceTitle "Corr 2022"]
[Source "ChessBase"]
[SourceDate "2021.10.24"]
[SourceVersion "1"]
[SourceVersionDate "2021.10.24"]
[SourceQuality "1"]

1. e4 e5 2. Nf3 d6 3. d4 exd4 4. Nxd4 Be7 5. g3 Nf6 6. Bg2 h6 7. Nc3 Bd7 8. 0-0 Nc6 9. Nd5 0-0 10. Nxe7+ Nxe7 11. e5 dxe5 12. Nb3 Nc6 13. Be3 Re8 14. Nc5 b6 15. Nxd7 Qxd7 16. Qe2 Nd4 17. Qd3 Rad8 18. Rad1 Qe6 19. Qa6 Nxc2 0-1